| 000 | 00707nam a22002057a 4500 | ||
|---|---|---|---|
| 999 |
_c7682 _d7682 |
||
| 003 | BD-JhCC | ||
| 005 | 20181002174057.0 | ||
| 008 | 180213b2008 bg ||||| |||| 00| 0 ben d | ||
| 035 | _a(BD-JhCC) | ||
| 040 |
_aBD-JhCC _dBD-JhCC |
||
| 041 | _aben | ||
| 082 |
_a491.44 _bMAH 2008 |
||
| 100 | _aমাহমুদ, হায়াৎ | ||
| 245 |
_aবাংলা লেখার নিয়ম কানুন : _bবানান ও ভাষারীতির গাইড-বুক / _cহায়াৎ মাহমুদ, |
||
| 260 |
_aঢাকা : _bপ্রতীক, _c২০০৮ |
||
| 300 |
_a195 p. : _c22 cm. |
||
| 650 |
_aBangali Language _xGrammer |
||
| 942 |
_2ddc _cBK |
||